[Event "Sao Paulo CXSP op"]
[Site "Sao Paulo"]
[Date "2004.05.08"]
[Round "2"]
[White "Cubas, Jose Fernando"]
[Black "Gomez, Guillermo Anibal"]
[Result "1-0"]
[WhiteElo "2381"]
[BlackElo "1916"]
[PlyCount "37"]
[EventDate "2004.05.07"]
[EventType "swiss"]
[EventRounds "9"]
[EventCountry "BRA"]
[SourceTitle "CBM 100 Extra"]
[Source "ChessBase"]
[SourceDate "2004.07.06"]
[SourceVersion "2"]
[SourceVersionDate "2004.07.06"]
[SourceQuality "1"]

1. e4 e5 2. Nf3 Nc6 3. Bc4 Bc5 4. c3 Nf6 5. d4 exd4 6. cxd4 Bb4+ 7. Nc3 Nxe4 8.
O-O Bxc3 9. d5 Bf6 10. Re1 Ne7 11. Rxe4 d6 12. g4 h6 13. h4 g6 14. Be3 h5 15.
Bd4 Bxd4 16. Qxd4 Rg8 17. Qf6 Kf8 18. Ng5 Rg7 19. Rae1 1-0

[Event "Sao Paulo CXSP op"]
[Site "Sao Paulo"]
[Date "2004.05.08"]
[Round "3"]
[White "Rodriguez Vila, Andres"]
[Black "Cubas, Jose Fernando"]
[Result "1-0"]
[WhiteElo "2556"]
[BlackElo "2381"]
[PlyCount "75"]
[EventDate "2004.05.07"]
[EventType "swiss"]
[EventRounds "9"]
[EventCountry "BRA"]
[SourceTitle "CBM 100 Extra"]
[Source "ChessBase"]
[SourceDate "2004.07.06"]
[SourceVersion "2"]
[SourceVersionDate "2004.07.06"]
[SourceQuality "1"]

1. e4 e6 2. d4 d5 3. Nd2 c5 4. Ngf3 cxd4 5. exd5 Qxd5 6. Bc4 Qd6 7. O-O Nf6 8.
Nb3 Nc6 9. Re1 Bd7 10. g3 Be7 11. Bf4 Qb4 12. Qd3 Rc8 13. a4 Na5 14. Nxa5 Qxa5
15. Be5 Bc6 16. Nxd4 O-O 17. Bb3 Rfd8 18. Nxc6 Rxc6 19. Qb5 Qd2 20. Bc3 Qd7 21.
a5 Qc8 22. Qe2 Nd5 23. Be5 Bf6 24. c4 Nb4 25. Bxf6 gxf6 26. Qg4+ Kh8 27. Qh4 e5
28. Rad1 Rcd6 29. Rxd6 Rxd6 30. Qh6 Nd3 31. c5 Rc6 32. Rd1 f5 33. Qe3 e4 34.
Bxf7 Qd7 35. Bc4 Rxc5 36. Rxd3 exd3 37. Qxc5 Kg7 38. Qd5 1-0

[Event "Sao Paulo CXSP op"]
[Site "Sao Paulo"]
[Date "2004.05.09"]
[Round "4"]
[White "Cubas, Jose Fernando"]
[Black "Nagashima, Carlos Alberto"]
[Result "1-0"]
[WhiteElo "2381"]
[BlackElo "2033"]
[PlyCount "37"]
[EventDate "2004.05.07"]
[EventType "swiss"]
[EventRounds "9"]
[EventCountry "BRA"]
[SourceTitle "CBM 100 Extra"]
[Source "ChessBase"]
[SourceDate "2004.07.06"]
[SourceVersion "2"]
[SourceVersionDate "2004.07.06"]
[SourceQuality "1"]

1. e4 e5 2. Nf3 Nc6 3. Bc4 Bc5 4. c3 Qe7 5. O-O d6 6. d3 Nf6 7. h3 O-O 8. Re1
h6 9. Nbd2 a6 10. Bb3 Nd8 11. d4 Ba7 12. Nf1 Nh5 13. Be3 Qf6 14. Nxe5 Nf4 15.
Ng4 Bxg4 16. Qxg4 Ng6 17. Ng3 Ne6 18. Nh5 Qe7 19. f4 1-0

[Event "Sao Paulo CXSP op"]
[Site "Sao Paulo"]
[Date "2004.05.10"]
[Round "5"]
[White "Batista, Roberto Adriano"]
[Black "Cubas, Jose Fernando"]
[Result "0-1"]
[WhiteElo "2053"]
[BlackElo "2381"]
[PlyCount "60"]
[EventDate "2004.05.07"]
[EventType "swiss"]
[EventRounds "9"]
[EventCountry "BRA"]
[SourceTitle "CBM 100 Extra"]
[Source "ChessBase"]
[SourceDate "2004.07.06"]
[SourceVersion "2"]
[SourceVersionDate "2004.07.06"]
[SourceQuality "1"]

1. e4 e6 2. d4 d5 3. Nd2 c5 4. Ngf3 cxd4 5. exd5 Qxd5 6. Bc4 Qd6 7. O-O Nf6 8.
Nb3 Nc6 9. Nbxd4 Nxd4 10. Nxd4 Bd7 11. Be3 Qc7 12. Qe2 Ng4 13. g3 Nxe3 14. fxe3
Bc5 15. b4 Be7 16. Rad1 O-O 17. Bd3 Bxb4 18. Rf4 Be7 19. Rdf1 g6 20. R4f2 Rac8
21. h4 Qxg3+ 22. Rg2 Qxh4 23. Rf4 Qh6 24. Rh2 Qg7 25. Rf3 e5 26. Nf5 Bxf5 27.
Bxf5 gxf5+ 28. Rg2 Bg5 29. Rxf5 h6 30. Qh5 Rc6 0-1

[Event "Sao Paulo CXSP op"]
[Site "Sao Paulo"]
[Date "2004.05.12"]
[Round "7"]
[White "Cubas, Jose Fernando"]
[Black "Burgos, Marcelo Alves"]
[Result "1-0"]
[WhiteElo "2381"]
[BlackElo "2168"]
[PlyCount "67"]
[EventDate "2004.05.07"]
[EventType "swiss"]
[EventRounds "9"]
[EventCountry "BRA"]
[SourceTitle "CBM 100 Extra"]
[Source "ChessBase"]
[SourceDate "2004.07.06"]
[SourceVersion "2"]
[SourceVersionDate "2004.07.06"]
[SourceQuality "1"]

1. e4 e6 2. d4 d5 3. Nc3 Bb4 4. a3 Bxc3+ 5. bxc3 dxe4 6. Qg4 Nf6 7. Qxg7 Rg8 8.
Qh6 c5 9. Ne2 Nbd7 10. h3 Qc7 11. Bb2 b6 12. O-O-O c4 13. g4 Bb7 14. Bg2 Rg6
15. Qh4 O-O-O 16. Kb1 h5 17. g5 Rdg8 18. Bc1 Nh7 19. Bxe4 Bxe4 20. Qxe4 Nxg5
21. Qa8+ Nb8 22. Nf4 Rf6 23. Nxh5 Rf5 24. Rdg1 Rh8 25. Bxg5 Rxh5 26. Bf6 Rb5+
27. Ka2 Qb7 28. Rg8+ Kc7 29. Be5+ Rhxe5 30. Qxb7+ Kxb7 31. dxe5 Rxe5 32. h4 Nd7
33. h5 Nf6 34. h6 1-0

[Event "Sao Paulo CXSP op"]
[Site "Sao Paulo"]
[Date "2004.05.13"]
[Round "8"]
[White "De Souza Haro, Paulo Cezar"]
[Black "Cubas, Jose Fernando"]
[Result "1-0"]
[WhiteElo "2250"]
[BlackElo "2381"]
[PlyCount "109"]
[EventDate "2004.05.07"]
[EventType "swiss"]
[EventRounds "9"]
[EventCountry "BRA"]
[SourceTitle "CBM 100 Extra"]
[Source "ChessBase"]
[SourceDate "2004.07.06"]
[SourceVersion "2"]
[SourceVersionDate "2004.07.06"]
[SourceQuality "1"]

1. d4 d5 2. Nf3 Nf6 3. e3 c5 4. dxc5 Nc6 5. c3 a5 6. Bb5 e6 7. b4 Qc7 8. Bb2
Bd7 9. a3 Ne4 10. Nbd2 f5 11. O-O Be7 12. c4 axb4 13. cxd5 exd5 14. Bxc6 bxc6
15. axb4 O-O 16. Ne5 Rab8 17. Nd3 Rb7 18. Be5 Qd8 19. f3 Ng5 20. Qc2 Bf6 21. f4
Nf7 22. Bxf6 Qxf6 23. Nf3 Re8 24. Nfe5 Nxe5 25. fxe5 Qh4 26. Rf4 Qd8 27. Qc3
Qb8 28. Rf2 Qc7 29. Rfa2 Reb8 30. Ra8 h6 31. Rxb8+ Qxb8 32. Ra4 Qe8 33. Ra1 Kh7
34. Qd4 Qb8 35. Rb1 Ra7 36. Nf4 g5 37. Nh5 Kg6 38. Nf6 Be6 39. h4 gxh4 40. Rf1
Ra2 41. Qf4 Rb2 42. g4 hxg3 43. Qxg3+ Kf7 44. Qf4 Rxb4 45. Qxh6 Qf8 46. Qh5+
Ke7 47. Ra1 Rb7 48. Qh4 Qb8 49. Nxd5+ Kf8 50. Qf6+ Bf7 51. Nb6 Ra7 52. Rd1 Re7
53. Nd7+ Rxd7 54. Rxd7 Qb1+ 55. Kh2 1-0

[Event "Sao Paulo CXSP op"]
[Site "Sao Paulo"]
[Date "2004.05.14"]
[Round "9"]
[White "Cubas, Jose Fernando"]
[Black "Lima, Diiniz Neves"]
[Result "1-0"]
[WhiteElo "2381"]
[BlackElo "2079"]
[PlyCount "65"]
[EventDate "2004.05.07"]
[EventType "swiss"]
[EventRounds "9"]
[EventCountry "BRA"]
[SourceTitle "CBM 100 Extra"]
[Source "ChessBase"]
[SourceDate "2004.07.06"]
[SourceVersion "2"]
[SourceVersionDate "2004.07.06"]
[SourceQuality "1"]

1. e4 c5 2. f4 d6 3. Nf3 Nc6 4. d3 g6 5. g3 Bg7 6. c3 e6 7. Bg2 Nge7 8. O-O d5
9. e5 h5 10. Be3 b6 11. Re1 Qd7 12. Na3 Ba6 13. Nc2 Rd8 14. Bf2 Bh6 15. h3 Nf5
16. g4 hxg4 17. hxg4 Nfe7 18. Qd2 Qc7 19. b4 d4 20. c4 Bb7 21. bxc5 bxc5 22.
Bh4 Rb8 23. Bf6 Rg8 24. Rab1 Kd7 25. Bh1 Rgc8 26. Qh2 Ng8 27. Bg5 Nb4 28. Nxb4
Bxf3 29. Bxf3 Bxg5 30. Na6 Rxb1 31. Rxb1 Qa5 32. Rb7+ Ke8 33. Qh7 1-0

[Event "Vicente Lopez Magistral 7th"]
[Site "Vicente Lopez"]
[Date "2004.07.09"]
[Round "1"]
[White "Cubas, Jose Fernando"]
[Black "Roselli Mailhe, Bernardo"]
[Result "1-0"]
[WhiteElo "2384"]
[BlackElo "2420"]
[PlyCount "68"]
[EventDate "2004.07.09"]
[EventType "tourn"]
[EventRounds "11"]
[EventCountry "ARG"]
[EventCategory "6"]
[SourceTitle "CBM 101 Extra"]
[Source "ChessBase"]
[SourceDate "2004.09.01"]
[SourceVersion "2"]
[SourceVersionDate "2004.09.01"]
[SourceQuality "1"]

1. e4 c5 2. Nf3 d6 3. d4 cxd4 4. Nxd4 Nf6 5. Nc3 g6 6. Be2 Bg7 7. Nb3 Nc6 8.
O-O O-O 9. Be3 Be6 10. f4 Qc8 11. Kh1 Rd8 12. Bg1 d5 13. e5 Ne4 14. Nb5 g5 15.
g3 Bh3 16. Re1 gxf4 17. gxf4 f6 18. c4 Qf5 19. Nc7 Qxf4 20. Nxa8 dxc4 21. Qc2
Be6 22. Nc7 Qf5 23. Qb1 cxb3 24. Nxe6 Rd2 25. Nc5 Rc2 26. Qd1 Nxc5 27. Bxc5
Rxc5 28. Bd3 Qh3 29. Qxb3+ Kh8 30. Be4 Qxb3 31. axb3 fxe5 32. Rec1 Rb5 33. Bxc6
bxc6 34. Rxc6 Bf6 1-0

[Event "Vicente Lopez Magistral 7th"]
[Site "Vicente Lopez"]
[Date "2004.07.10"]
[Round "2"]
[White "Valerga, Diego"]
[Black "Cubas, Jose Fernando"]
[Result "1-0"]
[WhiteElo "2498"]
[BlackElo "2384"]
[PlyCount "85"]
[EventDate "2004.07.09"]
[EventType "tourn"]
[EventRounds "11"]
[EventCountry "ARG"]
[EventCategory "6"]
[SourceTitle "CBM 101 Extra"]
[Source "ChessBase"]
[SourceDate "2004.09.01"]
[SourceVersion "2"]
[SourceVersionDate "2004.09.01"]
[SourceQuality "1"]

1. e4 e6 2. d4 d5 3. Nc3 Nf6 4. Bg5 Bb4 5. e5 h6 6. Bd2 Bxc3 7. bxc3 Ne4 8. Qg4
g6 9. Bd3 Nxd2 10. Kxd2 Nc6 11. h4 Qe7 12. h5 g5 13. f4 gxf4 14. Qg7 Qf8 15.
Qxf8+ Kxf8 16. Rf1 Ke7 17. Rxf4 Bd7 18. Nh3 Rag8 19. g4 Na5 20. Rhf1 Be8 21.
Ke3 Rg7 22. Nf2 a6 23. Rf6 Bb5 24. Kf4 Nc6 25. Nh3 Nb8 26. g5 hxg5+ 27. Kg4 Be8
28. h6 Rgg8 29. h7 Rf8 30. Kxg5 Nd7 31. Kh6 Rfg8 32. R6f3 c5 33. Rg1 Rf8 34.
Rg7 b5 35. Ng5 b4 36. Bg6 bxc3 37. Bxf7 cxd4 38. Bg6+ Kd8 39. Nxe6+ Kc8 40.
Rxf8 Nxf8 41. Nxf8 Bxg6 42. Nxg6 d3 43. Nxh8 1-0

[Event "Vicente Lopez Magistral 7th"]
[Site "Vicente Lopez"]
[Date "2004.07.11"]
[Round "3"]
[White "Cubas, Jose Fernando"]
[Black "Slipak, Sergio"]
[Result "1/2-1/2"]
[WhiteElo "2384"]
[BlackElo "2502"]
[PlyCount "37"]
[EventDate "2004.07.09"]
[EventType "tourn"]
[EventRounds "11"]
[EventCountry "ARG"]
[EventCategory "6"]
[SourceTitle "CBM 101 Extra"]
[Source "ChessBase"]
[SourceDate "2004.09.01"]
[SourceVersion "2"]
[SourceVersionDate "2004.09.01"]
[SourceQuality "1"]

1. e4 c6 2. d4 d5 3. e5 Bf5 4. Be3 e6 5. Nd2 Nd7 6. c3 f6 7. f4 Qb6 8. Qb3 a5
9. Qxb6 Nxb6 10. a4 Nh6 11. Ngf3 Be7 12. h3 Be4 13. Bf2 f5 14. Ng5 Bxg5 15.
fxg5 Nf7 16. Be3 O-O 17. Nb3 Nd7 18. Rh2 Nd8 19. g3 1/2-1/2

[Event "Vicente Lopez Magistral 7th"]
[Site "Vicente Lopez"]
[Date "2004.07.13"]
[Round "5"]
[White "Alonso, Salvador"]
[Black "Cubas, Jose Fernando"]
[Result "1-0"]
[WhiteElo "2444"]
[BlackElo "2384"]
[PlyCount "75"]
[EventDate "2004.07.09"]
[EventType "tourn"]
[EventRounds "11"]
[EventCountry "ARG"]
[EventCategory "6"]
[SourceTitle "CBM 101 Extra"]
[Source "ChessBase"]
[SourceDate "2004.09.01"]
[SourceVersion "2"]
[SourceVersionDate "2004.09.01"]
[SourceQuality "1"]

1. e4 d5 2. exd5 Nf6 3. d4 Nxd5 4. Nf3 g6 5. c4 Nb6 6. Nc3 Bg7 7. c5 Nd5 8. Bc4
Nxc3 9. bxc3 O-O 10. O-O b6 11. Ne5 Bxe5 12. dxe5 Qxd1 13. Rxd1 Be6 14. Bb5 c6
15. Be2 b5 16. Bg5 Re8 17. Bf3 Kg7 18. Rd2 h6 19. Be3 a5 20. Rb2 Ra6 21. a4 Bc4
22. Bd4 e6 23. Rbb1 Re7 24. Be3 Rb7 25. axb5 Rxb5 26. Bd1 a4 27. f4 Rxb1 28.
Rxb1 a3 29. Ra1 a2 30. Kf2 Ra5 31. Be2 Bb3 32. Ke1 Nd7 33. Kd2 Nxc5 34. c4 Na4
35. Bd3 Nb2 36. Kc3 Nxd3 37. Kxb3 Ne1 38. Bd2 1-0

[Event "Vicente Lopez Magistral 7th"]
[Site "Vicente Lopez"]
[Date "2004.07.14"]
[Round "6"]
[White "Cubas, Jose Fernando"]
[Black "Szmetan, Ricardo"]
[Result "1/2-1/2"]
[WhiteElo "2384"]
[BlackElo "2250"]
[PlyCount "61"]
[EventDate "2004.07.09"]
[EventType "tourn"]
[EventRounds "11"]
[EventCountry "ARG"]
[EventCategory "6"]
[SourceTitle "CBM 101 Extra"]
[Source "ChessBase"]
[SourceDate "2004.09.01"]
[SourceVersion "2"]
[SourceVersionDate "2004.09.01"]
[SourceQuality "1"]

1. e4 e6 2. d4 c5 3. Nf3 cxd4 4. Nxd4 a6 5. Bd3 g6 6. O-O Bg7 7. Be3 Ne7 8. Nc3
Nbc6 9. Nxc6 Nxc6 10. Qd2 O-O 11. Be2 b5 12. Rad1 Qa5 13. a3 b4 14. Nb1 bxa3
15. bxa3 Qxd2 16. Rxd2 d5 17. exd5 exd5 18. Bf3 Be6 19. Bxd5 Bxd5 20. Rxd5 Ne7
21. Rd2 Nf5 22. Bf4 Rac8 23. Rfd1 Rc4 24. g3 Nd4 25. Kg2 Nxc2 26. Rd6 h5 27.
Rxa6 h4 28. Rd5 Re8 29. Rda5 Ne1+ 30. Kh3 Nd3 31. Be3 1/2-1/2

[Event "Vicente Lopez Magistral 7th"]
[Site "Vicente Lopez"]
[Date "2004.07.15"]
[Round "7"]
[White "Zambrana, Oswaldo"]
[Black "Cubas, Jose Fernando"]
[Result "0-1"]
[WhiteElo "2472"]
[BlackElo "2384"]
[PlyCount "104"]
[EventDate "2004.07.09"]
[EventType "tourn"]
[EventRounds "11"]
[EventCountry "ARG"]
[EventCategory "6"]
[SourceTitle "CBM 101 Extra"]
[Source "ChessBase"]
[SourceDate "2004.09.01"]
[SourceVersion "2"]
[SourceVersionDate "2004.09.01"]
[SourceQuality "1"]

1. e4 e6 2. d4 d5 3. Nd2 Nf6 4. e5 Nfd7 5. Bd3 c5 6. c3 Nc6 7. Ne2 cxd4 8. cxd4
Qb6 9. Nf3 Bb4+ 10. Bd2 Bxd2+ 11. Qxd2 Qb4 12. Rc1 Qxd2+ 13. Kxd2 a6 14. Ne1
Nb6 15. b3 f6 16. f4 Bd7 17. Nf3 Ke7 18. Rhe1 Raf8 19. g3 Rc8 20. Bb1 f5 21. h3
a5 22. a4 Nb4 23. Nc3 Na8 24. g4 g6 25. gxf5 gxf5 26. Rg1 Rcg8 27. Ne2 Rxg1 28.
Rxg1 Kf8 29. Ng3 Be8 30. Nxf5 exf5 31. Bxf5 Bg6 32. Bc8 Ke7 33. Bxb7 Nc7 34. f5
Bxf5 35. Rg7+ Kd8 36. Ng5 Ne6 37. Rf7 Nxg5 38. Rxf5 Ne6 39. Rf6 Ke7 40. Kc3 h5
41. h4 Rg8 42. Kd2 Rg4 43. Rh6 Rxh4 44. Bc8 Nxd4 45. Rh7+ Kd8 46. e6 Re4 47.
Bd7 Nxb3+ 48. Kc3 Re3+ 49. Kb2 Nc5 50. Bb5 Nxe6 51. Rxh5 Kc7 52. Rh7+ Kb6 0-1

[Event "Vicente Lopez Magistral 7th"]
[Site "Vicente Lopez"]
[Date "2004.07.19"]
[Round "10"]
[White "Cubas, Jose Fernando"]
[Black "Panno, Oscar"]
[Result "0-1"]
[WhiteElo "2384"]
[BlackElo "2474"]
[PlyCount "98"]
[EventDate "2004.07.09"]
[EventType "tourn"]
[EventRounds "11"]
[EventCountry "ARG"]
[EventCategory "6"]
[SourceTitle "CBM 101 Extra"]
[Source "ChessBase"]
[SourceDate "2004.09.01"]
[SourceVersion "2"]
[SourceVersionDate "2004.09.01"]
[SourceQuality "1"]

1. e4 c5 2. Nf3 e6 3. d4 cxd4 4. Nxd4 a6 5. Bd3 g6 6. Nc3 Bg7 7. Be3 Ne7 8. Qd2
d5 9. exd5 Nxd5 10. Nxd5 Qxd5 11. c4 Qd7 12. Nb3 Nc6 13. O-O-O O-O 14. Be2
Qxd2+ 15. Rxd2 f5 16. f4 e5 17. Rd6 Re8 18. Bf3 e4 19. Be2 Bf8 20. Rd2 Bb4 21.
Rdd1 Be6 22. Nc5 Bxc5 23. Bxc5 Rac8 24. b4 a5 25. a3 axb4 26. axb4 Na5 27. Kb2
Bxc4 28. Ra1 Bxe2 29. Rxa5 Red8 30. Ra3 Rd2+ 31. Kc1 Rd5 32. Kb2 b6 33. Bxb6
Rd2+ 34. Ka1 Bd3 35. g3 Rcc2 36. h4 Kf7 37. Be3 Re2 38. Rc1 Rxc1+ 39. Bxc1 Rg2
40. Ra7+ Ke6 41. Rxh7 Rxg3 42. h5 gxh5 43. Rxh5 e3 44. Kb2 Kd5 45. Kc3 e2 46.
Bd2 Be4+ 47. Kb2 Rg1 48. b5 e1=Q 49. Bxe1 Rxe1 0-1

[Event "Vicente Lopez Magistral 7th"]
[Site "Vicente Lopez"]
[Date "2004.07.20"]
[Round "11"]
[White "Fusco, Leonardo"]
[Black "Cubas, Jose Fernando"]
[Result "1/2-1/2"]
[WhiteElo "2296"]
[BlackElo "2384"]
[PlyCount "97"]
[EventDate "2004.07.09"]
[EventType "tourn"]
[EventRounds "11"]
[EventCountry "ARG"]
[EventCategory "6"]
[SourceTitle "CBM 101 Extra"]
[Source "ChessBase"]
[SourceDate "2004.09.01"]
[SourceVersion "2"]
[SourceVersionDate "2004.09.01"]
[SourceQuality "1"]

1. e4 d5 2. exd5 Nf6 3. d4 Nxd5 4. c4 Nb6 5. Nf3 g6 6. Nc3 Bg7 7. c5 N6d7 8.
Bc4 O-O 9. O-O b6 10. Ng5 Nf6 11. Qb3 e6 12. d5 h6 13. dxe6 hxg5 14. exf7+ Kh8
15. Bxg5 Nc6 16. Bd5 Qd7 17. Qa4 b5 18. Qh4+ Nh7 19. Rad1 Rb8 20. Bf4 Rxf7 21.
Ne4 Rxf4 22. Qxf4 Nd4 23. Rxd4 Bxd4 24. Nd6 cxd6 25. Qxd4+ Qg7 26. Qh4 Qf6 27.
Qg3 Bf5 28. Re1 Rd8 29. c6 Qg7 30. Qh4 g5 31. Qb4 a6 32. Qa5 Rf8 33. Qb4 Rd8
34. g4 Bc8 35. Be6 Bxe6 36. Rxe6 d5 37. Re7 Qf6 38. c7 Re8 39. Qc5 d4 40. Re2
Rc8 41. Rd2 Qf4 42. Rxd4 Qxc7 43. Qd5 Qc1+ 44. Rd1 Qxb2 45. Qe4 Rf8 46. f3 Rc8
47. Qe6 Qc3 48. Kg2 Qc2+ 49. Kh3 1/2-1/2

[Event "Regina Helena Marques 2nd"]
[Site "Santos"]
[Date "2004.07.31"]
[Round "1"]
[White "Cubas, Jose Fernando"]
[Black "Ramon Pita, Vivian"]
[Result "1/2-1/2"]
[WhiteElo "2384"]
[BlackElo "2232"]
[PlyCount "95"]
[EventDate "2004.07.31"]
[EventType "tourn"]
[EventRounds "9"]
[EventCountry "BRA"]
[EventCategory "3"]
[SourceTitle "EXT 2005"]
[Source "ChessBase"]
[SourceDate "2004.11.15"]
[SourceVersion "1"]
[SourceVersionDate "2004.11.15"]
[SourceQuality "1"]

1. e4 e5 2. Nf3 Nc6 3. Bc4 Nf6 4. d3 h6 5. c3 d6 6. a4 g6 7. a5 a6 8. O-O Bg7
9. Re1 O-O 10. Nbd2 Kh7 11. Nf1 Nh5 12. d4 exd4 13. Nxd4 Nf6 14. Nxc6 bxc6 15.
e5 Nd5 16. exd6 Qxd6 17. Qe2 Bd7 18. Bxa6 Rfe8 19. Be3 f5 20. Qc4 Re4 21. Qd3
Rb8 22. Qc2 c5 23. Bd3 Rg4 24. Be2 Rh4 25. g3 Re4 26. Bf3 Nxe3 27. Rxe3 Rxe3
28. Nxe3 Bb5 29. Qb3 c6 30. Rd1 Qc7 31. Qe6 Rd8 32. Rxd8 Qxd8 33. Bxc6 Bxc6 34.
Qxc6 Qxa5 35. Kg2 Qa2 36. Qb7 Qb1 37. Nc4 Qe1 38. Qc6 Qe2 39. Qd5 h5 40. b4
cxb4 41. cxb4 f4 42. gxf4 Qg4+ 43. Kh1 Qxf4 44. Kg2 Qg4+ 45. Kh1 Qh3 46. Ne3
Qh4 47. Kg2 Qxb4 48. Qc4 1/2-1/2

[Event "Regina Helena Marques 2nd"]
[Site "Santos"]
[Date "2004.08.01"]
[Round "2"]
[White "Claverie, Raul Ricardo"]
[Black "Cubas, Jose Fernando"]
[Result "1/2-1/2"]
[WhiteElo "2354"]
[BlackElo "2384"]
[PlyCount "31"]
[EventDate "2004.07.31"]
[EventType "tourn"]
[EventRounds "9"]
[EventCountry "BRA"]
[EventCategory "3"]
[SourceTitle "EXT 2005"]
[Source "ChessBase"]
[SourceDate "2004.11.15"]
[SourceVersion "1"]
[SourceVersionDate "2004.11.15"]
[SourceQuality "1"]

1. e4 e6 2. d3 c5 3. Nf3 Nc6 4. Qe2 g6 5. g3 Bg7 6. Bg2 Nge7 7. O-O d5 8. Nbd2
h6 9. h4 b6 10. Re1 Bb7 11. c3 O-O 12. e5 Nf5 13. Nf1 b5 14. Bf4 d4 15. N1d2
dxc3 16. bxc3 1/2-1/2

[Event "Regina Helena Marques 2nd"]
[Site "Santos"]
[Date "2004.08.02"]
[Round "3"]
[White "Cubas, Jose Fernando"]
[Black "Sega, Carlos Alberto"]
[Result "0-1"]
[WhiteElo "2384"]
[BlackElo "2322"]
[PlyCount "48"]
[EventDate "2004.07.31"]
[EventType "tourn"]
[EventRounds "9"]
[EventCountry "BRA"]
[EventCategory "3"]
[SourceTitle "EXT 2005"]
[Source "ChessBase"]
[SourceDate "2004.11.15"]
[SourceVersion "1"]
[SourceVersionDate "2004.11.15"]
[SourceQuality "1"]

1. e4 e5 2. Ne2 Nf6 3. f4 Nxe4 4. d3 Nc5 5. fxe5 d5 6. d4 Ne4 7. Nd2 Nxd2 8.
Qxd2 c5 9. Nf4 Nc6 10. dxc5 Bxc5 11. Qxd5 Qe7 12. Nd3 Bb6 13. Bf4 Bg4 14. Be2
Bxe2 15. Kxe2 Rd8 16. Qb5 O-O 17. Kd2 Nd4 18. Qa4 Ne6 19. Be3 Bxe3+ 20. Kxe3
Qg5+ 21. Kf2 Qd2+ 22. Kg1 Qe3+ 23. Nf2 Rd2 24. Rf1 Nf4 0-1

[Event "Regina Helena Marques 2nd"]
[Site "Santos"]
[Date "2004.08.03"]
[Round "4"]
[White "Rosito, Jorge"]
[Black "Cubas, Jose Fernando"]
[Result "1/2-1/2"]
[WhiteElo "2424"]
[BlackElo "2384"]
[PlyCount "57"]
[EventDate "2004.07.31"]
[EventType "tourn"]
[EventRounds "9"]
[EventCountry "BRA"]
[EventCategory "3"]
[SourceTitle "EXT 2005"]
[Source "ChessBase"]
[SourceDate "2004.11.15"]
[SourceVersion "1"]
[SourceVersionDate "2004.11.15"]
[SourceQuality "1"]

1. e4 e6 2. d3 c5 3. Nf3 Nc6 4. g3 g6 5. Bg2 Bg7 6. O-O Nge7 7. c3 d5 8. Qc2 h6
9. e5 g5 10. h3 Qc7 11. Re1 Ng6 12. d4 cxd4 13. cxd4 f6 14. exf6 Bxf6 15. Nc3
O-O 16. Be3 Qg7 17. Qd3 Bd7 18. Rac1 Nge7 19. Na4 Rae8 20. Nc5 Bc8 21. Qd2 Nf5
22. Red1 Rf7 23. a3 Ref8 24. Rc2 Nd6 25. b3 Nf5 26. Bf1 Be7 27. Bg2 Bf6 28. Bf1
Be7 29. Bg2 1/2-1/2

[Event "Regina Helena Marques 2nd"]
[Site "Santos"]
[Date "2004.08.04"]
[Round "5"]
[White "Cubas, Jose Fernando"]
[Black "De Toledo, James Mann"]
[Result "1-0"]
[WhiteElo "2384"]
[BlackElo "2369"]
[PlyCount "75"]
[EventDate "2004.07.31"]
[EventType "tourn"]
[EventRounds "9"]
[EventCountry "BRA"]
[EventCategory "3"]
[SourceTitle "EXT 2005"]
[Source "ChessBase"]
[SourceDate "2004.11.15"]
[SourceVersion "1"]
[SourceVersionDate "2004.11.15"]
[SourceQuality "1"]

1. e4 e6 2. d4 d5 3. e5 c5 4. c3 Nc6 5. Nf3 Bd7 6. a3 c4 7. h4 Na5 8. Nbd2 Bc6
9. g3 Qd7 10. Qe2 Ba4 11. Bg2 Bc2 12. Nxc4 Nb3 13. Qxc2 Nxa1 14. Qb1 Nb3 15.
Ne3 Ne7 16. O-O Nc6 17. Ng5 h6 18. Nh3 Be7 19. h5 O-O-O 20. Qc2 Nxc1 21. Rxc1
Kb8 22. f4 Rc8 23. Qd3 Na5 24. f5 Nc4 25. Nxc4 Rxc4 26. fxe6 fxe6 27. Qg6 Bd8
28. Rf1 Rc7 29. Nf4 Re8 30. Bh3 Rc6 31. Nxd5 Bg5 32. Nb4 Rb6 33. Nd3 Rc8 34.
Bg2 Be3+ 35. Kh1 Bxd4 36. Rf7 Qa4 37. cxd4 Qxd4 38. Qxg7 1-0

[Event "Regina Helena Marques 2nd"]
[Site "Santos"]
[Date "2004.08.05"]
[Round "6"]
[White "Cubas, Jose Fernando"]
[Black "Arni, Julian Kirsten"]
[Result "1-0"]
[WhiteElo "2384"]
[BlackElo "2268"]
[PlyCount "135"]
[EventDate "2004.07.31"]
[EventType "tourn"]
[EventRounds "9"]
[EventCountry "BRA"]
[EventCategory "3"]
[SourceTitle "EXT 2005"]
[Source "ChessBase"]
[SourceDate "2004.11.15"]
[SourceVersion "1"]
[SourceVersionDate "2004.11.15"]
[SourceQuality "1"]

1. e4 c5 2. Nf3 Nf6 3. Nc3 d5 4. e5 Nfd7 5. Nxd5 Nxe5 6. Bb5+ Bd7 7. Nxe5 Bxb5
8. Qf3 f6 9. Qb3 Qa5 10. Qxb5+ Qxb5 11. Nc7+ Kd8 12. Nxb5 fxe5 13. d3 Nc6 14.
Nc3 Nd4 15. Kd1 e6 16. Re1 Bd6 17. Ne4 Kd7 18. Be3 Kc6 19. f3 h6 20. c3 Nf5 21.
Bf2 Rad8 22. Kc2 Rhf8 23. Re2 Ne7 24. Rae1 Ng6 25. Nxd6 Rxd6 26. Bg3 Rfd8 27.
Bxe5 Rxd3 28. Bxg7 Nf4 29. Rf2 R3d6 30. Re4 Rg8 31. Bxh6 Nxg2 32. Bd2 b5 33. h4
e5 34. Bg5 Nf4 35. Rd2 Rxd2+ 36. Kxd2 Kd5 37. Ke3 Nh5 38. Rg4 Ke6 39. Bh6 Rh8
40. Rg6+ Kf7 41. Rc6 Nf4 42. Bxf4 exf4+ 43. Ke4 Rxh4 44. Rxc5 a6 45. Rc7+ Ke8
46. Ra7 Rh2 47. Rxa6 Rxb2 48. Kxf4 Rc2 49. Ra3 Kd7 50. Kf5 Kd6 51. f4 Kc5 52.
Rb3 Kc4 53. Rb4+ Kc5 54. a4 bxa4 55. Rxa4 Rxc3 56. Re4 Kd5 57. Re2 Kd6 58. Kf6
Kd7 59. f5 Rf3 60. Kg6 Ra3 61. Kf7 Rf3 62. f6 Rd3 63. Kf8 Rd4 64. f7 Rd1 65.
Re7+ Kd8 66. Re8+ Kd7 67. Kg7 Rg1+ 68. Kh6 1-0